Текст томруулах:    
Warriors of the Steppe (Бичлэгийн дугаар. 144256)
000 -УДИРДЛАГА
Удирдлага 01993nam a2200409 4500
003 - ХЯНАЛТЫН ТОО ТОДОРХОЙЛОГЧ
Код MN-UlNUM
005 - БИЧИЛТ ХИЙСЭН ОГНОО
Тухайн бичилтийг бичсэн засварласан сүүлийн огноо 20251010171752.0
008 - ЕРӨНХИЙ МЭДЭЭЛЭЛ
Ерөнхий мэдээлэл 250918s2001 mauabf|| |||| 00| | eng d
020 ## - ISBN
ISBN 9780306810657
040 ## - БИЧЛЭГ ҮҮСГЭГЧ БАЙГУУЛЛАГА
Бичлэг үүсгэгч номын сангийн код МУИС-ийн номын сан
084 ## - ББК АНГИЛАЛ
Нэмэлт тусгалт Нэг сэдэвт бүтээл
Мэдлэгийн ялгаа 63 - Түүх
ББК ангилал 63.3(5)
Зохиогчийн гурван тэмдэгт H 66
100 1# - ЗОХИОГЧ
Зохиогчийн нэр Hildinger, Erik
245 10 - ҮНДСЭН ГАРЧИГ
Номын нэр Warriors of the Steppe
Бага гарчгийн мэдээ A Military History of Central Asia 500 B.C to 1700 A.D
260 ## - ГАРАЛТЫН МЭДЭЭ
Хэвлэгдсэн газар Cambridge, Mass
Хэвлэлийн газар Da Capo
Хэвлэгдсэн он 2001
300 ## - МАТЕРИАЛЫН ТОДОРХОЙЛОЛТ
хуудасны тоо x, 260 p., [16] p. of plates :
Бусад тоон мэдээлэл ill., maps ;
Хэмжээ 23 cm
500 ## - Тайлбар
Дансны дугаар ГФ 20877
505 ## - Агуулгын тэмдэглэгээ
Агуулгын тэмдэглэгээ The nomadic peoples of central Asia Huns, Bulgars, Magyars, Mongols are still known to us for their legendary fighters Attila, Genghis Khan, and Timur Lenk (Tamerlane), as well as for their feats of calculated brutality. (Timur Lenk would leave piles of severed heads in his conquered cities; another tribe sent nine sacks of ears to their khan.) Less studied is the remarkable effectiveness of their battle techniques: For two thousand years, these horse-archer armies were an unstoppable force to sedentary peoples, be they Romans, Crusaders, Chinese, or medieval. Erik Hildinger introduces the most important of these raiders as well as a host of other tribes and examines in detail their tactics, strategies, and weaponry a form of highly mobile and defensive warfare that even armies of today can learn from.
546 ## - ХЭЛНИЙ ТУХАЙ МЭДЭЭ
Хэл Англи хэл дээр,
653 ## - Түлхүүр үг
Түлхүүр үг history
653 ## - Түлхүүр үг
Түлхүүр үг Central Asian history
653 ## - Түлхүүр үг
Түлхүүр үг Asia Central history military
740 ## - НОМЫН ГАРЧИГ
Гарчиг Nomads
740 ## - НОМЫН ГАРЧИГ
Гарчиг Horse and Bow
740 ## - НОМЫН ГАРЧИГ
Гарчиг Scythians an Sarmatians
740 ## - НОМЫН ГАРЧИГ
Гарчиг The Huns
740 ## - НОМЫН ГАРЧИГ
Гарчиг Avars, Bulgars and Magyars
740 ## - НОМЫН ГАРЧИГ
Гарчиг The Seljuks
740 ## - НОМЫН ГАРЧИГ
Гарчиг The Rise of the Mongols
740 ## - НОМЫН ГАРЧИГ
Гарчиг The Mongols Reach the West
740 ## - НОМЫН ГАРЧИГ
Гарчиг The Mamluks
740 ## - НОМЫН ГАРЧИГ
Гарчиг Timur Lenk
740 ## - НОМЫН ГАРЧИГ
Гарчиг Crimean Tatars
740 ## - НОМЫН ГАРЧИГ
Гарчиг The Manchus
942 ## - ЭЛЕМЕНТИЙН ТӨРӨЛ
Зүйлийн төрөл Ном